| 000 | 00381nam a2200145Ia 4500 | ||
|---|---|---|---|
| 008 | 211109s9999||||xx |||||||||||||| ||und|| | ||
| 082 |
_a428 _bREA-P |
||
| 100 | _aReady, A W | ||
| 245 | 0 | _aPrecis and Precis Writing | |
| 260 |
_bNATIONAL BOOKSTALL _aKottayam _c1900 |
||
| 300 | _a326p. | ||
| 630 | _xGeneral Stack | ||
| 650 |
_aEnglish Language _venglish usage _xEnglish |
||
| 942 | _cBOOK | ||
| 999 |
_c789 _d789 |
||